Insect behavior as a basis for developing control measures against pests of field crops and forests/ (Record no. 14522)
[ view plain ]
| 000 -LEADER | |
|---|---|
| fixed length control field | 01219cam a2200337I 4500 |
| 001 - CONTROL NUMBER | |
| control field | 14522 |
| 003 - CONTROL NUMBER IDENTIFIER | |
| rucl marc code | MCM |
| 005 - DATE AND TIME OF LATEST TRANSACTION | |
| control field | 20211208235637.0 |
| 008 - FIXED-LENGTH DATA ELEMENTS--GENERAL INFORMATION | |
| fixed length control field | 140206s1981 ii a b f000 0 eng d |
| 035 ## - SYSTEM CONTROL NUMBER | |
| System control number | MITb10181796 |
| System control number | (OCoLC)07418858 |
| -- | (BD-RjUL) 14574 |
| System control number | GLIS00181796 |
| 040 ## - CATALOGING SOURCE | |
| Original cataloging agency | AGL |
| Transcribing agency | AGL |
| Modifying agency | GPO |
| -- | BD-RjUL |
| Language of cataloging | eng |
| 041 1# - LANGUAGE CODE | |
| Language code of text/sound track or separate title | eng |
| Language code of original | rus |
| 082 ## - DEWEY DECIMAL CLASSIFICATION NUMBER | |
| Classification number | 632.7 |
| Author mark and year | INS 1981 |
| 088 ## - REPORT NUMBER | |
| Report number | TT 78-52000 |
| 090 ## - LOCALLY ASSIGNED LC-TYPE CALL NUMBER (OCLC); LOCAL CALL NUMBER (OCLC) | |
| Classification number (OCLC) (R) ; Classification number, CALL (RLIN) (NR) | SB975 |
| Local cutter number (OCLC) ; Book number/undivided call number, CALL (RLIN) | .I5713 |
| 099 ## - LOCAL FREE-TEXT CALL NUMBER (OCLC) | |
| Bangla Class number | SB975.I5713 |
| 245 00 - TITLE STATEMENT | |
| Title | Insect behavior as a basis for developing control measures against pests of field crops and forests/ |
| Statement of responsibility, etc. | editor-in-chief, V. P. Pristavko. |
| 260 ## - PUBLICATION, DISTRIBUTION, ETC. (IMPRINT) | |
| Place of publication, distribution, etc. | New Delhi : |
| Name of publisher, distributor, etc. | Oxonian press pvt.Ltd : |
| Date of publication, distribution, etc. | c1981. |
| 300 ## - PHYSICAL DESCRIPTION | |
| Pagination | vii, 238 p. : |
| Illustrations | ill. ; |
| Size | 25 cm. |
| 500 ## - GENERAL NOTE | |
| General note | "Translated from Russian." |
| General note | "This work is a collection of the papers presented at the All-Union symposium on Insect Behavior held in Kiev, March 26-29, 1974." |
| General note | "TT 78-52000." |
| 504 ## - BIBLIOGRAPHY, ETC. NOTE | |
| Bibliography, etc | Includes bibliographies. |
| 650 #0 - SUBJECT ADDED ENTRY--TOPICAL TERM | |
| Topical term or geographic name as entry element | Insects |
| General subdivision | Behavior |
| Form subdivision | Congresses. |
| 9 (RLIN) | 45290 |
| Topical term or geographic name as entry element | Pests |
| General subdivision | Control |
| Form subdivision | Congresses. |
| 9 (RLIN) | 45291 |
| Topical term or geographic name as entry element | Pests |
| General subdivision | Biological control |
| Form subdivision | Congresses. |
| 9 (RLIN) | 45292 |
| 700 1# - ADDED ENTRY--PERSONAL NAME | |
| Personal name | Pristavko, V. P. |
| 942 ## - ADDED ENTRY ELEMENTS (KOHA) | |
| Source of classification or shelving scheme | Dewey Decimal Classification |
| Koha item type | Books |
| Lost status | Source of classification or shelving scheme | Damaged status | Not for loan | Collection code | Permanent Location | Current Location | Shelving location | Date acquired | Source of acquisition | Cost, normal purchase price | Total Checkouts | Full call number | Date last seen | Copy number | Koha item type |
|---|---|---|---|---|---|---|---|---|---|---|---|---|---|---|---|
| Dewey Decimal Classification | Not For Loan | Non-fiction | Central Library, University of Rajshahi | Central Library, University of Rajshahi | Reading Room | 24/06/1982 | standard publication | 225.00 | 632.7 INS 1981 | 06/02/2014 | C-1 | Books |